• 首页
  • 本馆介绍
  • 公告通知
  • 最新文献
  • 馆藏检索
  • 电子资源
  • 读者导购
  • 参考咨询
  • 我的图书馆
  • 登录
  • 详细信息显示
  • 放入我的书架
  • 预约/预借图书
  • 作者相关作品
  • 分类相关作品
  • 丛书相关作品
  • 出版社相关作品

书目信息

  • 表格格式
  • 工作单格式
  • 卡片格式
题名:
量子力学习题与解答
    
 
作者: 康斯坦丁内斯库 著 ;源 译
分册:  
出版信息: 北京   高等教育出版社  1985.7
页数: 499页
开本: 20cm
丛书名:
单 册:
中图分类: O413.1-44
科图分类:
主题词: 理论物理学
电子资源:
ISBN:
000 00623nam0 2200205 45
001 0312221749
005 20031222171116.9
010    @dCNY3.60
100    @a20031222d1985 km y0chiy0120 ea
101    @achi
105    @a z 000yy
200 1  @a量子力学习题与解答@ALiang Zi Li Xue Xi Ti Yu Jie Da@f(罗)康斯坦丁内斯库等著@F(Luo)Kang Si Tan Ding Nei Si Ku Deng Zhu@g源等译
210    @a北京@c高等教育出版社@d1985.7
215    @a499页@d20cm
606 0  @a理论物理学
690    @aO413.1-44@v3
701 0  @a康斯坦丁内斯库@4著
702 0  @a源@4译
801    @aCN@bTSTCL@c20031222
905    @a213230@dO413.1-44@e25@b148084-087@f4
    
    量子力学习题与解答/(罗)康斯坦丁内斯库等著/源等译.-北京:高等教育出版社,1985.7
    499页;20cm
    
    
    ISBN :CNY3.60
    
●
相关链接 在E读中查询图书 在五车中查询图书 在当当中查询图书 在豆瓣中查询图书


正题名:量子力学习题与解答     索取号:O413.1-44/25         预约/预借

序号 登录号 条形码 馆藏地/架位号 状态 备注
1 0148084   001050757   第三借阅区/ [索取号:O413.1-44/25] 在馆    
2 0148085   001050784   第三借阅区/ [索取号:O413.1-44/25] 在馆    
3 0148086   001050739   第三借阅区/ [索取号:O413.1-44/25] 在馆    
4 0148087   001050748   第三借阅区/ [索取号:O413.1-44/25] 在馆    
5 0148088   202095954   第二样本阅览室/ [索取号:O413.1-44/25] 在馆    
唐山师范学院图书馆 欢迎您!
大连网信软件有限公司© 版权所有